An analysis of the finite element method /

Guardado en:
Autor Principal: Strang, Gilbert.
Otros Autores: Fix, George J., 1939-
Formato: Libro
Idioma:English
Publicado: Englewood Cliffs, N.J. : Prentice-Hall, c1973.
Series:Prentice-Hall series in automatic computation
Materias:
Acceso en línea:Table of contents
Etiquetas: Agregar Etiqueta
Sin Etiquetas, Sea el primero en etiquetar este registro!
LEADER 00838pam a2200241 a 4500
001 MAT.inmabb003366
008 721122s1973####njua#####b####001#0#eng##
005 20130307111820.0
245 1 3 |a An analysis of the finite element method /  |c Gilbert Strang, George J. Fix. 
260 |a Englewood Cliffs, N.J. :  |b Prentice-Hall,  |c c1973. 
300 |a xiv, 306 p. :  |b il. ;  |c 24 cm. 
440 0 |a Prentice-Hall series in automatic computation 
504 |a Bibliografía: p. 281-296. 
510 4 |a MR,  |c 56 #1747 
020 |a 0130329460 
100 1 |a Strang, Gilbert. 
700 1 |a Fix, George J.,  |d 1939- 
650 0 |a Finite element method. 
084 |a 65N30  |2 msc2000 
010 |a  72012642  
040 |a DLC  |c DLC  |d DLC 
856 |u http://www-math.mit.edu/%7Egs/books/fem%5Ftoc.html  |y Table of contents 
859 |h 65  |i St897  |p A-4135  |b BIB. MATEMATICA